000 01003cam a2200289 a 4500
999 _c129942
_d129942
001 2997024
003 ARRUPE
005 20191017103206.0
008 930609s1993 nyu b 001 0 eng
010 _a 93025807
020 _a0801427576 (alk. paper)
040 _aDLC
_cDLC
_dDLC
050 0 0 _aJC181.K4
_bR65 1993
082 0 0 _a320/.01
_220
100 1 _aRosen, Allen D.
_q(Allen Duncan),
_d1952-
_948417
245 1 0 _aKant's theory of justice /
_cAllen D. Rosen.
260 _aIthaca :
_bCornell University Press,
_c1993.
300 _axiii, 237 p. ;
_c23 cm.
504 _aIncludes bibliographical references (p. 221-229) and index.
600 1 0 _aKant, Immanuel,
_d1724-1804
_xPolitical and social views.
_911019
650 0 _aLiberty.
_97967
650 0 _aState, The.
_948418
650 0 _aSocial ethics.
_948419
906 _a7
_bcbc
_corignew
_d1
_eocip
_f19
_gy-gencatlg
942 _2lcc
_cMONOGRAPH